00682nam a2200241 a 4500001001300000003000900013005001700022008004100039020001000080082001300090100001600103245003500119260004800154300000900202500003500211505001000246650002500256700001600281902000800297942000700305952011300312999001500425nice12345678IN_TiNIC20260116011430.0050524s1957 laha grp 000 0 eng  ac10000a344bJOS aJoshua, P N aManual of Laws for Christians. aLahorebPunjab Religious Booksociety c1957 a125p aincludes index and biblioraphy2 aIndex aChristianity and Law1 aJoshua, P N bSRS cBK 001040708StackRoom-aHMIbHMId2007-06-04g100.00l0o344 JOSp01057r2007-06-04v100.00w2005-05-24yBK c1472d1472